00294nam a2200121Ia 4500008004100000100001800041245004300059260002200102300000800124650001600132942000700148999001700155190216s9999||||xx |||||||||||||| ||und|| aDeshpande J V 0aMathematical Analysis And Applications bNarosa Pubs House a341 aMathematics cBK c32179d32179